|
|
|
|
| LEADER |
00000nam0a2200000 4500 |
| 001 |
313926 |
| 005 |
20250306155057.0 |
| 035 |
|
|
|a (RuTPU)RU\TPU\book\339317
|
| 090 |
|
|
|a 313926
|
| 100 |
|
|
|a 20160205d1979 km y0rusy50 ca
|
| 101 |
0 |
|
|a rus
|
| 102 |
|
|
|a RU
|
| 105 |
|
|
|a a z 001zy
|
| 200 |
1 |
|
|a Модифицирование алюминиевых деформируемых сплавов
|f Б. И, Бондарев, В. И, Напалков, В. И. Тарарышкин
|
| 210 |
|
|
|a Москва
|c Металлургия
|d 1979
|
| 215 |
|
|
|a 224 с.
|c ил.
|
| 316 |
|
|
|5 63413507: 82-8394
|a Из библиотеки Виктора Васильевича Гордиенко
|
| 320 |
|
|
|a Библиогр.: с. 216-223
|
| 606 |
1 |
|
|a Алюминиевые сплавы
|x Высокопрочные
|2 stltpush
|3 (RuTPU)RU\TPU\subj\21924
|9 46835
|
| 610 |
1 |
|
|a модификация
|
| 610 |
1 |
|
|a деформация
|
| 610 |
1 |
|
|a кристаллизация
|
| 610 |
1 |
|
|a структура
|
| 610 |
1 |
|
|a модификаторы
|
| 610 |
1 |
|
|a лигатуры
|
| 610 |
1 |
|
|a легирование
|
| 610 |
1 |
|
|a качество
|
| 610 |
1 |
|
|a техника безопасности
|
| 675 |
|
|
|a 669.715.018.8
|v 4
|
| 700 |
|
1 |
|a Бондарев
|b Б. И,
|g Борис Иванович
|
| 701 |
|
1 |
|a Напалков
|b В. И,
|g Виктор Иванович
|
| 701 |
|
1 |
|a Тарарышкин
|b В. И.
|g Виктор Иванович
|
| 801 |
|
1 |
|a RU
|b 63413507
|c 20160205
|
| 801 |
|
2 |
|a RU
|b 63413507
|c 20190423
|g RCR
|
| 942 |
|
|
|c BK
|